Europejski Złoty But 20/21 - piłka nożna - Statystyki

Ogólne statystyki
  • Ten quiz został rozwiązany 810 razy
  • Średni wynik to 8 z 10
Statystyki odpowiedzi
Gole Narodowość Liga Piłkarz % Poprawnych
41 Polska GER Robert Lewandowski
100%
30 Argentyna ESP Lionel Messi
99%
29 Portugalia ITA Cristiano Ronaldo
96%
27 Norwegia GER Erling Haaland
87%
27 Francja FRA Kylian Mbappe
87%
24 Belgia ITA Romelu Lukaku
78%
23 Anglia ENG Harry Kane
75%
23 Francja ESP Karim Benzema
61%
28 Portugalia GER Andre Silva
47%
23 Hiszpania ESP Gerard Moreno
21%
Nie znaleziono quizów pasujących do podanych kryteriów
Rozkład punktacji
Procent ludzi z każdym wynikiem
Percentyl według liczby udzielonych odpowiedzi
Twoja historia wyników
Nie rozwiązałeś tego quizu